Egy újraéledő szakma
Elmentve itt :
| Szerző: | |
|---|---|
| Dokumentumtípus: | Cikk |
| Megjelent: |
1965-08-06
|
| Sorozat: | Délmagyarország
55 No. 184 |
| Kulcsszavak: | Kézműipar kosárfonás Szeged 1965, kisipar |
| Online Access: | http://dmarchiv.bibl.u-szeged.hu/65349 |
| LEADER | 00474nab a2200157 i 4500 | ||
|---|---|---|---|
| 001 | delm65349 | ||
| 005 | 20180927151331.0 | ||
| 008 | 180927s1965 hu o 0|| hun d | ||
| 040 | |a SZTE Délmagyarország Archívum |b hun | ||
| 041 | |a hun | ||
| 100 | 1 | |a Kádár Ödön | |
| 245 | 1 | 0 | |a Egy újraéledő szakma |h [elektronikus dokumentum] / |c Kádár Ödön |
| 260 | |c 1965-08-06 | ||
| 300 | |a 3 | ||
| 490 | 0 | |a Délmagyarország |v 55 No. 184 | |
| 695 | |a Kézműipar kosárfonás Szeged 1965, kisipar | ||